Normal view
MARC view
Entry Topical Term
001 - CONTROL NUMBER
- control field: 50838
003 - CONTROL NUMBER IDENTIFIER
- control field: dpl
005 - DATE AND TIME OF LATEST TRANSACTION
- control field: 20120807122039.0
008 - FIXED-LENGTH DATA ELEMENTS
- fixed length control field: 120807|||a|||||| | ||| d
040 ## - CATALOGING SOURCE
- Original cataloging agency: dpl
- Transcribing agency: dpl
150 ## - HEADING--TOPICAL TERM
- Topical term or geographic name as entry element: मराठी कथासंग्रह
670 ## - SOURCE DATA FOUND
- Source citation: Work cat.: (dpl): 49115 इंगळे, तिप्पण्णा प., आठवणींचा तळकप्पा /, 2009
670 ## - SOURCE DATA FOUND
- Source citation: Work cat.: (dpl): 49115 इंगळे, तिप्पण्णा प., आठवणींचा तळकप्पा /, 2009
